[Event "11. Europa ch 2010 Femenino"]
[Site "Rijeka CRO"]
[Date "2010.03.10"]
[Round "5.54"]
[White "Borsuk, Angela"]
[Black "Brunello, Marina"]
[Result "1/2-1/2"]
[WhiteElo "2338"]
[BlackElo "2217"]
[PlyCount "83"]
[EventDate "2010.03.06"]
[EventType "swiss"]
[EventRounds "11"]
[EventCountry "CRO"]
[Source "lmi"]
[SourceDate "2010.03.06"]

1. d4 Nf6 2. c4 e6 3. Nc3 c5 4. e3 d5 5. Nf3 Nc6 6. Bd3 dxc4 7. Bxc4 a6 8. O-O
b5 9. Bd3 Bb7 10. Qe2 Be7 11. dxc5 Bxc5 12. Rd1 Qe7 13. a3 O-O 14. b4 Bb6 15.
Bb2 Rfd8 16. Rac1 Rac8 17. Bb1 Rxd1+ 18. Rxd1 Rd8 19. Rc1 Rd7 20. h3 Qd8 21.
Ne4 Nxe4 22. Bxe4 Nb8 23. Bb1 Rc7 24. Rd1 Rd7 25. Rxd7 Nxd7 26. Qc2 Nf8 27. Be5
Bxf3 28. gxf3 Qg5+ 29. Bg3 Bxe3 30. Kg2 Bf4 31. h4 Qe5 32. Bxf4 Qxf4 33. Qc6
Qxh4 34. Qxa6 Qg5+ 35. Kh2 Qc1 36. Be4 Qf1 37. Qb6 h5 38. Qe3 Qd1 39. Qd3 Qe1
40. Qe3 Qf1 41. Qd3 Qe1 42. Qe3 1/2-1/2

[Event "11. Europa ch 2010 Femenino"]
[Site "Rijeka CRO"]
[Date "2010.03.10"]
[Round "5.55"]
[White "Djukic, Sandra"]
[Black "Cherednichenko, Svetlana"]
[Result "0-1"]
[WhiteElo "2214"]
[BlackElo "2337"]
[PlyCount "134"]
[EventDate "2010.03.06"]
[EventType "swiss"]
[EventRounds "11"]
[EventCountry "CRO"]
[Source "lmi"]
[SourceDate "2010.03.06"]

1. d4 Nf6 2. Nf3 g6 3. Bf4 Bg7 4. e3 d6 5. c3 O-O 6. h3 Nbd7 7. Bc4 b6 8. O-O
Bb7 9. Nbd2 Ne4 10. Nxe4 Bxe4 11. Bh2 e6 12. Bd3 Bb7 13. a4 a5 14. Qe2 f5 15.
e4 f4 16. Bc4 Qe7 17. Kh1 Kh8 18. g3 fxg3 19. fxg3 c5 20. Bg1 Rf7 21. Kh2 Raf8
22. Rae1 g5 23. Nd2 Nf6 24. Bd3 Qd7 25. Bb1 Qxa4 26. e5 Qc6 27. Be3 dxe5 28.
dxe5 Nd7 29. Rxf7 Rxf7 30. Be4 Qc7 31. Qh5 Nf8 32. Qxg5 Bxe4 33. Nxe4 Qxe5 34.
Qg4 Ng6 35. Ng5 Rf5 36. Qh5 Nf8 37. Nf7+ Kg8 38. Nh6+ Bxh6 39. Qxh6 Qf6 40.
Qxf6 Rxf6 41. Rd1 e5 42. Kg2 Kf7 43. b4 axb4 44. cxb4 cxb4 45. Rb1 Nd7 46. Rxb4
Rc6 47. Kf3 Ke6 48. g4 Rc3 49. Ke2 Kd5 50. g5 Rc4 51. Rxc4 Kxc4 52. h4 b5 53.
h5 Kd5 54. Kd3 Nf8 55. Kc3 Ke4 56. Bc5 Ne6 57. Be7 Nf4 58. g6 Nxg6 59. hxg6
hxg6 60. Kb4 Kd4 61. Kxb5 e4 62. Kc6 e3 63. Bc5+ Ke4 64. Kd6 g5 65. Bb4 g4 66.
Be1 Kf3 67. Ke5 g3 0-1

[Event "11. Europa ch 2010 Femenino"]
[Site "Rijeka CRO"]
[Date "2010.03.10"]
[Round "5.56"]
[White "Borosova, Zuzana"]
[Black "Kazimova, Narmin Nizami Qizi"]
[Result "1-0"]
[WhiteElo "2307"]
[BlackElo "2212"]
[PlyCount "79"]
[EventDate "2010.03.06"]
[EventType "swiss"]
[EventRounds "11"]
[EventCountry "CRO"]
[Source "lmi"]
[SourceDate "2010.03.06"]

1. e4 c5 2. Nf3 e6 3. d4 cxd4 4. Nxd4 a6 5. Bd3 Qc7 6. Qe2 Nc6 7. Nxc6 Qxc6 8.
O-O d6 9. a4 Qc7 10. Be3 Nf6 11. Nd2 Be7 12. Ra3 d5 13. Rc3 Qd8 14. e5 Nd7 15.
Bd4 b6 16. f4 Nc5 17. Ra1 Nxd3 18. Rxd3 Bc5 19. Nb3 Bxd4+ 20. Nxd4 O-O 21. Rg3
Bd7 22. Qh5 Kh8 23. Raa3 g6 24. Qh6 Rg8 25. Rh3 Rg7 26. Rag3 b5 27. Rh4 Qb6 28.
c3 bxa4 29. Rgh3 Kg8 30. Qxg7+ Kxg7 31. Rxh7+ Kf8 32. Rh8+ Ke7 33. Rxa8 Qxb2
34. Rxa6 Qc1+ 35. Kf2 Qxf4+ 36. Rf3 Qd2+ 37. Kg3 Qe1+ 38. Kh3 Qxe5 39. Nc6+
Bxc6 40. Rxc6 1-0

[Event "11. Europa ch 2010 Femenino"]
[Site "Rijeka CRO"]
[Date "2010.03.10"]
[Round "5.57"]
[White "Semenova, Elena"]
[Black "Paulet, Iosefina"]
[Result "0-1"]
[WhiteElo "2195"]
[BlackElo "2303"]
[PlyCount "140"]
[EventDate "2010.03.06"]
[EventType "swiss"]
[EventRounds "11"]
[EventCountry "CRO"]
[Source "lmi"]
[SourceDate "2010.03.06"]

1. e4 c5 2. Nf3 d6 3. d4 cxd4 4. Nxd4 Nf6 5. Nc3 a6 6. Be3 e5 7. Nf3 Be7 8. Bc4
O-O 9. O-O Nc6 10. Qe2 b5 11. Bd5 Qc7 12. Rad1 Be6 13. a3 Rac8 14. Bg5 Bxd5 15.
exd5 Na5 16. Nh4 Ne8 17. Bxe7 Qxe7 18. Nf5 Qg5 19. Qd3 g6 20. Ng3 Nc4 21. Nge4
Qh6 22. b3 Nb6 23. f4 exf4 24. Ne2 f5 25. Nd2 g5 26. Nd4 Ng7 27. Rde1 Qf6 28.
Ne6 Rfe8 29. Nf3 Qc3 30. Nxg7 Rxe1 31. Rxe1 Qxd3 32. cxd3 Kxg7 33. Nxg5 Nxd5
34. Re6 Rc6 35. h4 Ne3 36. h5 h6 37. Rg6+ Kf8 38. Ne6+ Ke7 39. Nxf4 Rc1+ 40.
Kf2 Ng4+ 41. Kg3 Rb1 42. Rg7+ Kd8 43. Ne6+ Kc8 44. Nd4 Nf6 45. Kf3 Nxh5 46. Ra7
Rf1+ 47. Ke3 Ng3 48. Ne6 Re1+ 49. Kf4 Rxe6 50. Kxg3 Re3+ 51. Kf4 Rxd3 52. Rxa6
Kb7 53. Ra5 Rxb3 54. Kxf5 Kb6 55. Ra8 Rg3 56. Ke6 Rxg2 57. Kxd6 Rd2+ 58. Ke5 h5
59. Rb8+ Kc6 60. Rc8+ Kb7 61. Rh8 Rd3 62. Rxh5 Kb6 63. Rh8 Rxa3 64. Kd4 Ka5 65.
Rc8 Ka4 66. Rc1 b4 67. Kc4 Ra2 68. Rb1 Rc2+ 69. Kd3 Rc8 70. Kd2 Ka3 0-1

[Event "11. Europa ch 2010 Femenino"]
[Site "Rijeka CRO"]
[Date "2010.03.10"]
[Round "5.58"]
[White "Calzetta Ruiz, Monica"]
[Black "Danelia, Mariam"]
[Result "1/2-1/2"]
[WhiteElo "2296"]
[BlackElo "2199"]
[PlyCount "32"]
[EventDate "2010.03.06"]
[EventType "swiss"]
[EventRounds "11"]
[EventCountry "CRO"]
[Source "lmi"]
[SourceDate "2010.03.06"]

1. e4 c5 2. Nc3 d6 3. f4 g6 4. d4 cxd4 5. Qxd4 Nf6 6. e5 Nc6 7. Bb5 dxe5 8.
Qxd8+ Kxd8 9. fxe5 Ng4 10. Nf3 Bg7 11. Bf4 Be6 12. O-O-O+ Kc7 13. Ne4 Nb4 14.
h3 Nd5 15. Bg3 Nge3 16. Rd3 a6 1/2-1/2

[Event "11. Europa ch 2010 Femenino"]
[Site "Rijeka CRO"]
[Date "2010.03.10"]
[Round "5.59"]
[White "Semenova, Irina"]
[Black "Solic, Kristina"]
[Result "1/2-1/2"]
[WhiteElo "2272"]
[BlackElo "2192"]
[PlyCount "120"]
[EventDate "2010.03.06"]
[EventType "swiss"]
[EventRounds "11"]
[EventCountry "CRO"]
[Source "lmi"]
[SourceDate "2010.03.06"]

1. e4 c5 2. Nf3 d6 3. d4 cxd4 4. Nxd4 Nf6 5. Nc3 Bd7 6. Bg5 e6 7. f4 Be7 8. f5
e5 9. Nf3 Bc6 10. Bxf6 Bxf6 11. Bc4 Qc7 12. Qd2 Nd7 13. O-O-O Be7 14. Nd5 Bxd5
15. Bxd5 Nb6 16. Kb1 Rc8 17. c3 Nc4 18. Bxc4 Qxc4 19. Qd3 Qxd3+ 20. Rxd3 g6 21.
g4 h5 22. fxg6 hxg4 23. gxf7+ Kxf7 24. Nd2 Ke6 25. Rg1 Rh4 26. Kc2 Rf8 27. Rg2
Rfh8 28. Rdg3 Rxh2 29. Rxg4 Rxg2 30. Rxg2 d5 31. Rg6+ Kf7 32. Rg4 dxe4 33. Rxe4
Ke6 34. Nf3 Bd6 35. Re2 Kf5 36. Nd2 Rh4 37. Kd3 Bc7 38. Rf2+ Ke6 39. Re2 Rh3+
40. Re3 Rxe3+ 41. Kxe3 Kd5 42. c4+ Kc5 43. Kd3 a5 44. a3 Bb6 45. Ne4+ Kc6 46.
b4 axb4 47. axb4 Bd4 48. Nc3 Ba7 49. Nb5 Bb8 50. Ke4 b6 51. Kf5 Kd7 52. Ke4 Kc6
53. Kd3 Kd7 54. Ke3 Ke7 55. Nc3 Bd6 56. Nd5+ Kd7 57. Nxb6+ Kc6 58. Nd5 Bxb4 59.
Nxb4+ Kc5 60. Nd3+ Kxc4 1/2-1/2

[Event "11. Europa ch 2010 Femenino"]
[Site "Rijeka CRO"]
[Date "2010.03.10"]
[Round "5.60"]
[White "Przezdziecka, Marta"]
[Black "Kopinits, Anna Christina"]
[Result "1-0"]
[WhiteElo "2254"]
[BlackElo "2183"]
[PlyCount "99"]
[EventDate "2010.03.06"]
[EventType "swiss"]
[EventRounds "11"]
[EventCountry "CRO"]
[Source "lmi"]
[SourceDate "2010.03.06"]

1. c4 Nf6 2. Nc3 c5 3. g3 Nc6 4. Bg2 b6 5. Nf3 Bb7 6. O-O e6 7. e4 Qb8 8. d4
Nxd4 9. Nxd4 cxd4 10. Qxd4 Bc5 11. Qd3 Ng4 12. Bf4 Ne5 13. Qe2 O-O 14. Rad1 Bc6
15. Nb5 Bxb5 16. cxb5 Be7 17. Rxd7 Bf6 18. Rd2 Rc8 19. Kh1 Rd8 20. Rc2 Rc8 21.
Rfc1 Rxc2 22. Qxc2 Qe8 23. Bxe5 Bxe5 24. f4 Bd4 25. e5 Rd8 26. Qc6 Bc5 27.
Qxe8+ Rxe8 28. Rd1 g6 29. Bc6 Re7 30. Rd8+ Kg7 31. Rc8 h6 32. Kg2 Bd4 33. b3 h5
34. Kf3 Bc5 35. h3 Bb4 36. Ke2 Bc5 37. Kf3 Bb4 38. Ke3 Ba3 39. Rd8 Rc7 40. Ra8
Re7 41. Kd3 Bc5 42. Rd8 Rc7 43. Ke4 Ba3 44. Rd4 Bb2 45. Rc4 Re7 46. b4 f6 47.
exf6+ Bxf6 48. a4 Rc7 49. a5 Rf7 50. Be8 1-0

[Event "11. Europa ch 2010 Femenino"]
[Site "Rijeka CRO"]
[Date "2010.03.10"]
[Round "5.61"]
[White "Worek, Joanna"]
[Black "Sargac, Rajna"]
[Result "1-0"]
[WhiteElo "2245"]
[BlackElo "2157"]
[PlyCount "75"]
[EventDate "2010.03.06"]
[EventType "swiss"]
[EventRounds "11"]
[EventCountry "CRO"]
[Source "lmi"]
[SourceDate "2010.03.06"]

1. d4 e6 2. c4 f5 3. Nf3 Nf6 4. g3 c6 5. Bg2 d5 6. O-O Bd6 7. b3 Qe7 8. Bf4 O-O
9. Nbd2 b6 10. a3 a5 11. Qc2 Bb7 12. Qb2 Na6 13. Rfb1 c5 14. Rd1 Ne4 15. Bxd6
Qxd6 16. e3 Rac8 17. Ne5 Qe7 18. Nxe4 fxe4 19. dxc5 Nxc5 20. b4 Nd3 21. Nxd3
exd3 22. c5 bxc5 23. bxc5 Rxc5 24. Rxd3 Rfc8 25. Rad1 Ba6 26. R3d2 Rc3 27. Bh3
R8c6 28. e4 Qf6 29. exd5 exd5 30. Qb8+ Qf8 31. Qe5 R6c5 32. Qe6+ Kh8 33. Qxa6
Rxa3 34. Rxd5 Rxd5 35. Rxd5 Qe8 36. Qe2 Ra1+ 37. Bf1 Qg8 38. Re5 1-0

[Event "11. Europa ch 2010 Femenino"]
[Site "Rijeka CRO"]
[Date "2010.03.10"]
[Round "5.62"]
[White "Butuc, Maria"]
[Black "Pertlova, Sona"]
[Result "1/2-1/2"]
[WhiteElo "2194"]
[BlackElo "2262"]
[PlyCount "28"]
[EventDate "2010.03.06"]
[EventType "swiss"]
[EventRounds "11"]
[EventCountry "CRO"]
[Source "lmi"]
[SourceDate "2010.03.06"]

1. Nf3 Nf6 2. c4 c5 3. Nc3 Nc6 4. d4 cxd4 5. Nxd4 e6 6. a3 Bc5 7. Nb3 Be7 8. e4
O-O 9. Be2 b6 10. O-O Bb7 11. f4 d6 12. Be3 a6 13. Bf3 Nd7 14. Rc1 Rc8 1/2-1/2

[Event "11. Europa ch 2010 Femenino"]
[Site "Rijeka CRO"]
[Date "2010.03.10"]
[Round "5.63"]
[White "Abdulla, Khayala Mardan Qizi"]
[Black "Severiukhina, Zoja"]
[Result "1-0"]
[WhiteElo "2141"]
[BlackElo "2355"]
[PlyCount "81"]
[EventDate "2010.03.06"]
[EventType "swiss"]
[EventRounds "11"]
[EventCountry "CRO"]
[Source "lmi"]
[SourceDate "2010.03.06"]

1. e4 e6 2. d4 d5 3. Nc3 Bb4 4. Nge2 dxe4 5. a3 Be7 6. Nxe4 Nc6 7. Be3 Nf6 8.
Nxf6+ Bxf6 9. Qd2 O-O 10. O-O-O b5 11. g4 Rb8 12. Bg2 Qe8 13. Bf4 Bd8 14. Rhe1
b4 15. d5 Na5 16. b3 e5 17. Nd4 f6 18. axb4 Qe7 19. bxa5 Qa3+ 20. Kb1 exd4 21.
Qxd4 Rb4 22. Bc1 Qxa5 23. Qc3 Bxg4 24. f3 Bf5 25. Bd2 Be7 26. Rxe7 Rfb8 27.
Re8+ Rxe8 28. Qxb4 Qxd5 29. Qc3 c6 30. Bf1 Kh8 31. Bc4 Qd6 32. h4 h6 33. Kc1
Qh2 34. Qd4 Qg2 35. Rg1 Qh2 36. Bf7 Rf8 37. Bg6 Bxg6 38. Rxg6 Qh1+ 39. Kb2 Qxf3
40. Bxh6 gxh6 41. Qd7 1-0

[Event "11. Europa ch 2010 Femenino"]
[Site "Rijeka CRO"]
[Date "2010.03.10"]
[Round "5.64"]
[White "Kharatyan, Anahit"]
[Black "Mamedjarova, Zeinab"]
[Result "0-1"]
[WhiteElo "2117"]
[BlackElo "2289"]
[PlyCount "86"]
[EventDate "2010.03.06"]
[EventType "swiss"]
[EventRounds "11"]
[EventCountry "CRO"]
[Source "lmi"]
[SourceDate "2010.03.06"]

1. e4 e5 2. Nf3 Nc6 3. Bc4 Nf6 4. Nc3 Be7 5. O-O O-O 6. d4 exd4 7. Nxd4 d6 8.
h3 Re8 9. Re1 Ne5 10. Bb3 Bf8 11. f4 Ned7 12. Bc4 c6 13. b4 d5 14. exd5 Rxe1+
15. Qxe1 Bxb4 16. d6 Nb6 17. Bb3 c5 18. a3 Bxc3 19. Qxc3 cxd4 20. Qxd4 Be6 21.
Bxe6 fxe6 22. Bb2 Rc8 23. Re1 Nc4 24. Rxe6 Nxb2 25. Qxb2 Qb6+ 26. Qxb6 axb6 27.
g4 Rd8 28. f5 Kf8 29. g5 Nd7 30. Re4 Re8 31. Rc4 Re1+ 32. Kf2 Rd1 33. Rc7 Rxd6
34. Rxb7 Ke7 35. Kf3 Rc6 36. a4 Rc3+ 37. Ke4 Rxc2 38. Kd5 Rc5+ 39. Ke4 Ra5 40.
f6+ gxf6 41. gxf6+ Ke6 42. f7 Rxa4+ 43. Ke3 Ra8 0-1

[Event "11. Europa ch 2010 Femenino"]
[Site "Rijeka CRO"]
[Date "2010.03.10"]
[Round "5.65"]
[White "Nemcova, Katerina"]
[Black "Cherednichenko, Elena"]
[Result "1/2-1/2"]
[WhiteElo "2264"]
[BlackElo "2100"]
[PlyCount "81"]
[EventDate "2010.03.06"]
[EventType "swiss"]
[EventRounds "11"]
[EventCountry "CRO"]
[Source "lmi"]
[SourceDate "2010.03.06"]

1. e4 e5 2. Nf3 Nc6 3. Bb5 g6 4. c3 a6 5. Ba4 d6 6. d4 Bd7 7. O-O Bg7 8. d5
Nce7 9. Bxd7+ Qxd7 10. c4 h6 11. Nc3 f5 12. b4 Nf6 13. Re1 O-O 14. Bb2 f4 15.
c5 g5 16. Nd2 g4 17. f3 Kh7 18. a4 Ng6 19. a5 gxf3 20. Nxf3 Rg8 21. Na4 Qg4 22.
cxd6 cxd6 23. Nb6 Rad8 24. h3 Qh5 25. Nh2 Qg5 26. Nf3 Qh5 27. Rc1 Ne8 28. Qe2
Bf8 29. Rc3 Nh4 30. Nxh4 Qxh4 31. Rec1 Be7 32. Rf3 Qg5 33. Bc3 Qg6 34. Be1 Rg7
35. Rc4 Bf6 36. Qc2 Qh5 37. Kf1 Bh4 38. Bxh4 Qxh4 39. Rcc3 Nf6 40. Rc7 Rdg8 41.
Rfc3 1/2-1/2

[Event "11. Europa ch 2010 Femenino"]
[Site "Rijeka CRO"]
[Date "2010.03.10"]
[Round "5.66"]
[White "Ikonomopoulou, Maria"]
[Black "Videnova, Iva"]
[Result "0-1"]
[WhiteElo "2081"]
[BlackElo "2258"]
[PlyCount "92"]
[EventDate "2010.03.06"]
[EventType "swiss"]
[EventRounds "11"]
[EventCountry "CRO"]
[Source "lmi"]
[SourceDate "2010.03.06"]

1. e4 c5 2. Nf3 Nc6 3. d4 cxd4 4. Nxd4 g6 5. Nc3 Bg7 6. Be3 Nf6 7. Bc4 Qa5 8.
f3 Qb4 9. Nxc6 bxc6 10. Qd3 d5 11. exd5 Bf5 12. Qd4 O-O 13. dxc6 Qxb2 14. Ne2
Nd5 15. Qxb2 Bxb2 16. Bxd5 Bxa1 17. O-O Bf6 18. Ng3 Rfd8 19. c4 Rac8 20. Bxa7
e6 21. Be4 Bxe4 22. Nxe4 Bd4+ 23. Bxd4 Rxd4 24. c5 Rxc6 25. Rb1 Ra4 26. Rb8+
Kg7 27. Rb7 Rxa2 28. h4 Rca6 29. Ng5 Ra7 30. Nxe6+ Kf6 31. Nd8 Rxb7 32. Nxb7
Ke5 33. Nd6 f5 34. Nb7 Rc2 35. Nd8 Kf6 36. Nb7 Rc4 37. g3 Rc2 38. Kf1 Ke5 39.
Nd8 Rxc5 40. Nf7+ Kd4 41. Ng5 Ke3 42. Kg2 h6 43. Nf7 Rc2+ 44. Kh3 Kxf3 45. Ne5+
Kf2 46. Nxg6 Kg1 0-1

[Event "11. Europa ch 2010 Femenino"]
[Site "Rijeka CRO"]
[Date "2010.03.10"]
[Round "5.67"]
[White "Drljevic, Ljilja"]
[Black "Berke, Ana"]
[Result "0-1"]
[WhiteElo "2248"]
[BlackElo "2097"]
[PlyCount "111"]
[EventDate "2010.03.06"]
[EventType "swiss"]
[EventRounds "11"]
[EventCountry "CRO"]
[Source "lmi"]
[SourceDate "2010.03.06"]

1. e4 e5 2. Nf3 Nc6 3. Bc4 Bc5 4. O-O Nf6 5. d4 exd4 6. e5 d5 7. exf6 dxc4 8.
fxg7 Rg8 9. Re1+ Be7 10. Bg5 Be6 11. Bxe7 Kxe7 12. c3 d3 13. Nbd2 Kf6 14. Ne4+
Kxg7 15. Qd2 Kh8 16. Nfg5 Qe7 17. Qf4 Rg6 18. h4 Rag8 19. Ng3 h6 20. N5e4 Qf8
21. Nf6 R8g7 22. Kh1 Qd6 23. Qxd6 cxd6 24. Ngh5 Rxg2 25. Nxg7 Rxg7 26. f3 Rg6
27. Ne4 Ne5 28. Rf1 Bd5 29. Nd2 f5 30. Rae1 Rg3 31. Kh2 f4 32. Rf2 Nxf3+ 33.
Nxf3 Rxf3 34. Rd2 Re3 35. Rf1 f3 36. Rff2 b5 37. Kg3 a5 38. Kf4 Re5 39. b3 a4
40. bxa4 bxa4 41. a3 Kg7 42. Rb2 Kf6 43. Rb5 Ke6 44. Rb8 Ke7 45. Rb5 Re2 46.
Kg3 Bc6 47. Rb2 Re1 48. Rb6 Kd7 49. Rbb2 Rc1 50. Kf4 Rxc3 51. Ra2 Ke6 52. Ra1
Rb3 53. Ke3 Ke5 54. Rg1 Be4 55. Rg8 d5 56. Rd8 0-1

[Event "11. Europa ch 2010 Femenino"]
[Site "Rijeka CRO"]
[Date "2010.03.10"]
[Round "5.68"]
[White "Boyarchenko, Marie"]
[Black "Hoolt, Sarah"]
[Result "0-1"]
[WhiteElo "2009"]
[BlackElo "2215"]
[PlyCount "112"]
[EventDate "2010.03.06"]
[EventType "swiss"]
[EventRounds "11"]
[EventCountry "CRO"]
[Source "lmi"]
[SourceDate "2010.03.06"]

1. d4 Nf6 2. c4 g6 3. Nc3 d5 4. Bf4 Bg7 5. e3 c6 6. Nf3 O-O 7. Bd3 dxc4 8. Bxc4
Nbd7 9. O-O Nh5 10. Bg5 h6 11. Bh4 g5 12. Bg3 Nxg3 13. hxg3 Qa5 14. Rc1 e5 15.
d5 Nb6 16. Bb3 Rd8 17. e4 cxd5 18. Nxd5 Be6 19. Qe2 Nxd5 20. exd5 Bxd5 21. Bxd5
Rxd5 22. Qe4 Rad8 23. a3 Qb5 24. Rc7 R5d7 25. Rxd7 Qxd7 26. g4 Qd5 27. Re1 Qxe4
28. Rxe4 Rd1+ 29. Kh2 Rd5 30. Kg3 b5 31. a4 a5 32. b3 Kf8 33. Ne1 b4 34. Kf3
Rc5 35. Re3 Ke7 36. Ke4 Ke6 37. Re2 Rc3 38. Re3 Rc1 39. Re2 f6 40. Re3 Bf8 41.
Nd3 Rb1 42. g3 h5 43. Kf3 hxg4+ 44. Kxg4 Be7 45. Kf3 Kd6 46. Ne1 f5 47. g4 e4+
48. Ke2 Rb2+ 49. Kd1 Rxf2 50. gxf5 Kd5 51. Rh3 Rxf5 52. Ke2 Bc5 53. Rh8 Rf2+
54. Kd1 Rb2 55. Rh5 Be3 56. Rh8 Rd2+ 0-1

[Event "11. Europa ch 2010 Femenino"]
[Site "Rijeka CRO"]
[Date "2010.03.10"]
[Round "5.69"]
[White "Umudova, Nargiz"]
[Black "De Seroux, Camille"]
[Result "1-0"]
[WhiteElo "2211"]
[BlackElo "2019"]
[PlyCount "59"]
[EventDate "2010.03.06"]
[EventType "swiss"]
[EventRounds "11"]
[EventCountry "CRO"]
[Source "lmi"]
[SourceDate "2010.03.06"]

1. e4 c5 2. Nf3 d6 3. d4 cxd4 4. Qxd4 Nc6 5. Bb5 Bd7 6. Bxc6 Bxc6 7. Nc3 Nf6 8.
Bg5 e6 9. O-O-O Be7 10. Rhe1 O-O 11. Qd3 Qa5 12. h4 b5 13. Nd4 Bd7 14. Nb3 Qb6
15. e5 Nd5 16. Bxe7 Nxe7 17. Qxd6 Nc6 18. Qc5 Qb7 19. Nxb5 Rab8 20. Nd6 Qa8 21.
Ne4 Rfd8 22. Qe3 Nb4 23. Kb1 Qc6 24. Qc5 Qa6 25. Qa5 Qc8 26. Nc3 Rb6 27. Rd2
Qb8 28. Red1 Nc6 29. Qc5 Nxe5 30. f4 1-0

[Event "11. Europa ch 2010 Femenino"]
[Site "Rijeka CRO"]
[Date "2010.03.10"]
[Round "5.70"]
[White "Van Weersel, Arlette"]
[Black "Kanceljak, Dalia"]
[Result "1-0"]
[WhiteElo "2197"]
[BlackElo "1939"]
[PlyCount "67"]
[EventDate "2010.03.06"]
[EventType "swiss"]
[EventRounds "11"]
[EventCountry "CRO"]
[Source "lmi"]
[SourceDate "2010.03.06"]

1. e4 c5 2. Nf3 Nc6 3. d4 cxd4 4. Nxd4 Nf6 5. Nc3 e6 6. Nxc6 bxc6 7. Bd3 e5 8.
O-O Be7 9. f4 d6 10. h3 Qb6+ 11. Kh1 O-O 12. Qf3 Bb7 13. Be3 Qa5 14. b4 Qc7 15.
fxe5 dxe5 16. Rab1 Nd7 17. Bc4 Nf6 18. Bg5 Rad8 19. Ne2 Kh8 20. Rb3 Nxe4 21.
Bxe7 Nd2 22. Bxd8 Qxd8 23. Rd1 Qg5 24. Rxd2 Qxd2 25. Qf5 f6 26. Bd3 Qh6 27. Qd7
Ba8 28. Be4 Qh4 29. Ng3 Qf4 30. Rf3 Qc1+ 31. Rf1 Qh6 32. Nf5 Qg5 33. Rf3 g6 34.
Qg7# 1-0

[Event "11. Europa ch 2010 Femenino"]
[Site "Rijeka CRO"]
[Date "2010.03.10"]
[Round "5.71"]
[White "Trofimova, Antonina"]
[Black "Yusuphanova, Saida"]
[Result "1/2-1/2"]
[WhiteElo "2182"]
[BlackElo "1843"]
[PlyCount "92"]
[EventDate "2010.03.06"]
[EventType "swiss"]
[EventRounds "11"]
[EventCountry "CRO"]
[Source "lmi"]
[SourceDate "2010.03.06"]

1. e4 c5 2. Nf3 Nc6 3. d3 d6 4. g3 g6 5. Bg2 Bg7 6. O-O Bg4 7. h3 Bxf3 8. Qxf3
h5 9. h4 Nf6 10. Nd2 O-O 11. c3 Rb8 12. Re1 b5 13. Qd1 a5 14. f4 Qc7 15. a4 b4
16. Nc4 bxc3 17. bxc3 Nd7 18. Bd2 Nb6 19. Ne3 e6 20. g4 hxg4 21. Qxg4 Nd7 22.
Qd1 Nf6 23. Bf3 Nh7 24. h5 Qd8 25. Re2 Ne7 26. Rg2 gxh5 27. f5 Kh8 28. Bxh5
exf5 29. exf5 Nc6 30. Qg4 Bf6 31. Nd5 Rg8 32. Qh3 Rxg2+ 33. Kxg2 Rb2 34. Rd1
Bxc3 35. Nxc3 Rxd2+ 36. Kh1 Rxd1+ 37. Nxd1 Ne5 38. Nc3 Qg5 39. Ne2 Nxd3 40.
Qxd3 Qxh5+ 41. Kg2 Nf6 42. Ng3 Qg5 43. Qxd6 Kg7 44. Qe5 Qd2+ 45. Kf1 Qd1+ 46.
Kg2 Qd2+ 1/2-1/2

[Event "11. Europa ch 2010 Femenino"]
[Site "Rijeka CRO"]
[Date "2010.03.10"]
[Round "5.74"]
[White "Tomulic, Vesna"]
[Black "Medic, Mirjana"]
[Result "0-1"]
[WhiteElo "1930"]
[BlackElo "2279"]
[PlyCount "66"]
[EventDate "2010.03.06"]
[EventType "swiss"]
[EventRounds "11"]
[EventCountry "CRO"]
[Source "lmi"]
[SourceDate "2010.03.06"]

1. e4 e6 2. d4 d5 3. Nd2 Nf6 4. e5 Nfd7 5. Bd3 c5 6. c3 Nc6 7. Ne2 cxd4 8. cxd4
Nb6 9. O-O a5 10. a3 Bd7 11. Nf3 h6 12. Nf4 g6 13. Nxg6 fxg6 14. Bxg6+ Ke7 15.
Ng5 Be8 16. Qg4 Nxd4 17. Bxe8 Kxe8 18. Qh5+ Kd7 19. Nf7 Qe8 20. Qg6 Be7 21.
Nxh8 Qxh8 22. Qd3 Nc6 23. Qb5 Kc7 24. f4 Qf8 25. Bd2 Nc4 26. Bc3 Qf5 27. Rf3 h5
28. Raf1 h4 29. Kh1 Ra6 30. Rc1 Kb8 31. Qb3 Rb6 32. Qd1 Nxb2 33. Qd2 Nc4 0-1

[Event "11. Europa ch 2010 Femenino"]
[Site "Rijeka CRO"]
[Date "2010.03.10"]
[Round "5.75"]
[White "Kukic, Lora"]
[Black "Efroimski, Marsel"]
[Result "0-1"]
[WhiteElo "1723"]
[BlackElo "2178"]
[PlyCount "72"]
[EventDate "2010.03.06"]
[EventType "swiss"]
[EventRounds "11"]
[EventCountry "CRO"]
[Source "lmi"]
[SourceDate "2010.03.06"]

1. d4 d5 2. c4 e5 3. dxe5 d4 4. Nf3 Nc6 5. a3 Bg4 6. Nbd2 Qe7 7. Qa4 O-O-O 8.
g3 Kb8 9. h3 Bh5 10. Bg2 f6 11. exf6 Nxf6 12. O-O Qxe2 13. Re1 Qd3 14. Ng5 Be8
15. Qb3 Qxb3 16. Nxb3 Rd7 17. Ne6 Bf7 18. Bxc6 bxc6 19. Nbxd4 Kb7 20. Bg5 h6
21. Bxf6 gxf6 22. c5 h5 23. h4 Bh6 24. Re2 Bg6 25. f4 Rg8 26. Kf2 Rd5 27. Re3
Be8 28. Rae1 Bd7 29. Rb3+ Kc8 30. Rb4 Re8 31. Re3 Bxe6 32. Rxe6 Rxe6 33. Nxe6
Kd7 34. Nd4 Rxc5 35. Ke3 Bf8 36. Ra4 Rc1 0-1

[Event "11. Europa ch 2010 Femenino"]
[Site "Rijeka CRO"]
[Date "2010.03.10"]
[Round "5.76"]
[White "Brunello, Roberta"]
[Black "Starcevic, Andrea"]
[Result "1-0"]
[WhiteElo "2043"]
[BlackElo "1712"]
[PlyCount "69"]
[EventDate "2010.03.06"]
[EventType "swiss"]
[EventRounds "11"]
[EventCountry "CRO"]
[Source "lmi"]
[SourceDate "2010.03.06"]

1. e4 c5 2. c3 d5 3. exd5 Qxd5 4. d4 e6 5. Nf3 Nf6 6. Na3 a6 7. Nc4 Qd8 8. a4
cxd4 9. Nxd4 Nbd7 10. Bf4 Nc5 11. a5 Nd5 12. Qf3 Qf6 13. Nd6+ Kd7 14. Nc4 Ke8
15. g3 Nxf4 16. gxf4 Nd7 17. Bg2 Rb8 18. O-O g6 19. Rfe1 Be7 20. Re2 Kf8 21.
Rae1 Kg7 22. Nxe6+ Kg8 23. Nc7 Bd8 24. Nd5 Qh4 25. Nd6 Kg7 26. f5 Rf8 27. Re8
Nf6 28. Rxf8 Kxf8 29. fxg6 Bg4 30. Re8+ Kg7 31. gxf7 Bxf3 32. f8=Q+ Kg6 33.
Qf7+ Kg5 34. Re5+ Kg4 35. h3+ 1-0

[Event "11. Europa ch 2010 Femenino"]
[Site "Rijeka CRO"]
[Date "2010.03.10"]
[Round "5.78"]
[White "Racki, Barbara"]
[Black "Goslawska, Cecylia"]
[Result "1-0"]
[WhiteElo "1698"]
[BlackElo "1683"]
[PlyCount "81"]
[EventDate "2010.03.06"]
[EventType "swiss"]
[EventRounds "11"]
[EventCountry "CRO"]
[Source "lmi"]
[SourceDate "2010.03.06"]

1. e4 e5 2. Nf3 Nc6 3. d4 exd4 4. Nxd4 Bc5 5. Be3 Nf6 6. Nxc6 bxc6 7. Bxc5 d6
8. Bd4 O-O 9. f3 Re8 10. Be2 d5 11. exd5 Nxd5 12. O-O Nf4 13. Re1 Qg5 14. g3
Bb7 15. Bd3 c5 16. Rxe8+ Rxe8 17. Bc3 Nh3+ 18. Kg2 Nf4+ 19. Kh1 Nh3 20. Kg2
Nf4+ 21. Kh1 Nh3 22. Kg2 Nf4+ 23. Kf1 Nh3 24. Bd2 Qf6 25. Kg2 Ng5 26. Bxg5 Qxg5
27. Nc3 Qe3 28. Be4 Bc8 29. Qd3 Qh6 30. Rh1 Bh3+ 31. Kf2 Be6 32. b3 Qf6 33. Nd5
Qe5 34. Nf4 Bc8 35. Bxh7+ Kf8 36. Be4 Qf6 37. Qd5 Rd8 38. Qxc5+ Rd6 39. Rd1 Ke8
40. Rxd6 cxd6 41. Qxc8+ 1-0